00878cam a2200277 i 450000100060000000300080000600500170001400800390003103500230007003500190009304000320011204100080014408200190015210000260017124500470019725000140024426000420025830000290030049000560032950000810038550000060046650400470047265000110051983000130053083000570054344821BD-RjUL20211209053925.0160720s1959 pk ab b 001 0 eng a(OCoLC)ocm01828341 a(BD-RjUL)44939 aDLCcDLCdZCUdBD-RjULbeng aeng a297bHAI 1959 1 aHamidullah, Muhammad.10aIntroduction to Islam /cby M. Hamidullah. a1st edi.  aLahore :bSh. Muhammad Ashraf,c1959  a281 p. :bill. ;c17 cm.1 aSeries - Centre culturel islamique, Paris vno. 1/a aAlso published in French, Turkish, German, Arabic, Afrikaans, and Yugoslave. a  aIncludes bibliography: p. [273] and index. 0aIslam. 0vno. 1/a. 0aSeries (Centre culturel islamique (Paris, France)) ;